Frank Ocean - Blonde: Sudden Death - Statistics

General Stats
  • This quiz has been taken 267 times
  • The average score is 13 of 17
Answers on the Grid
Answers color-coded by a green-red scale on the quiz's grid according to % correct below.
Pink + White
Close To You
Where This Flower Blooms
Self Control
Seigfried
Fertiliser
Skyline To
Facebook Story
Solo
Godspeed
Songs For Women
Lost
Pretty Sweet
White Ferarri
Nights
She
Futura Free
Thinkin' Bout You
Sweet Life
Ivy
Nikes
Soul Calibur
Be Yourself
Pyramids
Novacane
In My Room
Solo (Reprise)
Good Guy
Dear April
American Wedding
 
Answer Stats
Answer % Correct
Pink + White
97%
Godspeed
85%
Self Control
85%
Ivy
83%
Nights
82%
Seigfried
82%
Solo
82%
White Ferarri
81%
Skyline To
80%
Nikes
78%
Solo (Reprise)
73%
Futura Free
70%
Facebook Story
69%
Close To You
65%
Be Yourself
61%
Good Guy
57%
Pretty Sweet
56%
No matching quizzes found
Score Distribution
Percent of People with Each Score
Percentile by Number Answered
Your Score History
You have not taken this quiz